| 000 | 00697nam a22002057a 4500 | ||
|---|---|---|---|
| 999 |
_c4873 _d4873 |
||
| 003 | AR-CdUCM | ||
| 008 | 190311b ||||| |||| 00| 0 spa d | ||
| 040 |
_aMUNICIPALIDAD PROVINCIAL DEL CUSCO _cBIBLIOTECA MUNICIPAL DEL CUSCO |
||
| 082 |
_a869.56 / _bP26 |
||
| 100 |
_aParada Manrique, José _914984 |
||
| 245 | _aBolitas de cristal / | ||
| 260 |
_aJuliaca : _bTalleres Empresa Editorial "El arte" S.A., _c1965. |
||
| 300 |
_a30 páginas ; _bDibujos ; _c17.5 cm. |
||
| 500 | _aDonación de la familia Nieto. | ||
| 650 |
_aPoesía peruana - Siglo XX _914985 |
||
| 650 |
_aPoetas peruanos - Puno _914986 |
||
| 650 |
_aJosé Parada Manrique _914987 |
||
| 942 |
_2ddc _cLIBROS |
||
| 945 | _alccs | ||